|
|
|
|
| LEADER |
01335nam a2200253 a 4500 |
| 001 |
3670201 |
| 008 |
091224s1976 it b i100 0 eng d |
| 010 |
|
|
|a \\\77351890
|
| 020 |
|
|
|a 9251000247
|
| 040 |
|
|
|a DLC
|c DLC
|d DLC
|d BD-DhAAL
|
| 082 |
0 |
0 |
|a 332.7/1/091724
|2 18
|
| 111 |
2 |
|
|a FAO World Conference on Credit for Farmers in Developing Countries,
|c Rome,
|d 1975.
|
| 245 |
0 |
0 |
|a Report on the FAO World Conference on Credit for Farmers in Developing Countries held in Rome, 14-21 October 1975.
|
| 260 |
|
|
|a Rome :
|b Food and Agriculture Organization of the United Nations,
|c 1976.
|
| 300 |
|
|
|a 162 p. in various pagings ;
|c 28 cm.
|
| 500 |
|
|
|a "P-63."
|
| 504 |
|
|
|a Bibliography: p. 48.
|
| 541 |
1 |
|
|e 00000133
|
| 650 |
|
0 |
|a Agricultural credit
|z Developing countries
|x Congresses.
|
| 710 |
2 |
|
|a Food and Agriculture Organization of the United Nations.
|
| 852 |
4 |
|
|a Ayesha Abed Library
|j General shelf
|
| 999 |
|
|
|c 6401
|d 6401
|
| 952 |
|
|
|0 0
|1 0
|2 ddc
|4 0
|6 332_710917240000000_REP_1996
|7 0
|9 6461
|a BRACUL
|b BRACUL
|c REF
|d 2009-12-24
|g 0.00
|l 0
|o 332.71091724 REP
|p 3010000133
|r 2009-12-24
|t 1
|w 2009-12-24
|y BK
|x No price found in the accession register.
|
| 952 |
|
|
|0 0
|1 0
|2 ddc
|4 0
|6 332_710917240000000_REP_1996
|7 0
|9 6462
|a BRACUL
|b BRACUL
|c GEN
|d 2009-12-24
|g 0.00
|l 0
|o 332.71091724 REP
|p 3010000784
|r 2009-12-24
|t 2
|w 2009-12-24
|y BK
|x No price found in the accession register.
|